The Digestive System (Record no. 163907)

MARC details
000 -LEADER
fixed length control field 00441nam a22001577a 4500
005 - DATE AND TIME OF LATEST TRANSACTION
control field 20190504155432.0
010 ## - LCCN (DPL NO)
LC control number B-020747
020 ## - INTERNATIONAL STANDARD BOOK NUMBER
International Standard Book Number 8171816886
035 ## - SYSTEM CONTROL NUMBER
System control number B-020747
037 ## - SOURCE OF ACQUISITION
Source of stock number/acquisition Learners Press Private Limited
082 ## - DEWEY DECIMAL CLASSIFICATION NUMBER
Classification number 611.3
245 ## - TITLE STATEMENT
Title The Digestive System
260 ## - PUBLICATION, DISTRIBUTION, ETC. (IMPRINT)
Place of publication, distribution, etc New Delhi
Name of publisher, distributor, etc Learners Press Private Limited
Date of publication, distribution, etc 2000
300 ## - PHYSICAL DESCRIPTION
Extent 31p (it include index)
Dimensions 27cm (hbk)
942 ## - ADDED ENTRY ELEMENTS (KOHA)
Source of classification or shelving scheme Dewey Decimal Classification
Item type Children Books
Classification part 611.3
Call number suffix THE
Holdings
Withdrawn status Lost status Not for loan Collection code Home library Current library Date acquired Full call number Barcode Koha item type
      Non-fiction Sarojini Nagar Sarojini Nagar 04/05/2019 611.3 THE B-020747 Children Books

© Delhi Public Library
Hit Counter
free hit counter